Géographie des animaux : De la zoogéographie à la géopolitique (notice n° 1566631)

détails MARC
000 -LEADER
fixed length control field 01469cam a2200217 4500500
005 - DATE AND TIME OF LATEST TRANSACTION
control field 20251214001958.0
041 ## - LANGUAGE CODE
Language code of text/sound track or separate title fre
042 ## - AUTHENTICATION CODE
Authentication code dc
100 10 - MAIN ENTRY--PERSONAL NAME
Personal name Sierra, Philippe
Relator term author
245 00 - TITLE STATEMENT
Title Géographie des animaux : De la zoogéographie à la géopolitique
260 ## - PUBLICATION, DISTRIBUTION, ETC.
Name of publisher, distributor, etc. Armand Colin,<br/>
Date of publication, distribution, etc. 2024.<br/>
520 ## - SUMMARY, ETC.
Summary, etc. La géographie des animaux a longtemps été le parent pauvre de la géographie française. La géographie physique l’a délaissée aux biologistes et éthologues tandis que la géographie humaine a de moins en moins considéré la place des animaux dans les territoires humains.En géographie, un important mouvement de prise en compte des territorialités animales et de leurs intersections avec celles des sociétés humaines s’opère, avec des études de plus en plus nombreuses. Ce manuel transversal, fait le point sur les acquis et avancées récentes sur la géographie des animaux. Cet ouvrage doit également permettre de poser les jalons d’une approche synthétique et plurielle des rapports entre sociétés humaines et animaux.
700 10 - ADDED ENTRY--PERSONAL NAME
Personal name Benhammou, Farid
Relator term author
700 10 - ADDED ENTRY--PERSONAL NAME
Personal name Sierra, Philippe
Relator term author
700 10 - ADDED ENTRY--PERSONAL NAME
Personal name Gérardot, Maie
Relator term author
700 10 - ADDED ENTRY--PERSONAL NAME
Personal name Benhammou, Farid
Relator term author
700 10 - ADDED ENTRY--PERSONAL NAME
Personal name Marchand, Guillaume
Relator term author
700 10 - ADDED ENTRY--PERSONAL NAME
Personal name Gérardot, Maie
Relator term author
700 10 - ADDED ENTRY--PERSONAL NAME
Personal name Marchand, Guillaume
Relator term author
856 41 - ELECTRONIC LOCATION AND ACCESS
Uniform Resource Identifier <a href="https://shs.cairn.info/geographie-des-animaux--9782200636357?lang=fr&redirect-ssocas=7080">https://shs.cairn.info/geographie-des-animaux--9782200636357?lang=fr&redirect-ssocas=7080</a>

Pas d'exemplaire disponible.

PLUDOC

PLUDOC est la plateforme unique et centralisée de gestion des bibliothèques physiques et numériques de Guinée administré par le CEDUST. Elle est la plus grande base de données de ressources documentaires pour les Étudiants, Enseignants chercheurs et Chercheurs de Guinée.

Adresse

627 919 101/664 919 101

25 boulevard du commerce
Kaloum, Conakry, Guinée

Réseaux sociaux

Powered by Netsen Group @ 2025